Normal view
MARC view
Entry Topical Term
001 - CONTROL NUMBER
- control field: 8320
003 - CONTROL NUMBER IDENTIFIER
- control field: BD-RjUL
005 - DATE AND TIME OF LATEST TRANSACTION
- control field: 20230813110123.0
008 - FIXED-LENGTH DATA ELEMENTS
- fixed length control field: 230813|| aca||aabn | a|a d
040 ## - CATALOGING SOURCE
- Original cataloging agency: BD-RjUL
- Transcribing agency: BD-RjUL
150 ## - HEADING--TOPICAL TERM
- Topical term or geographic name entry element: Confucianism
670 ## - SOURCE DATA FOUND
- Source citation: Work cat.: (BD-RjUL)81675: Al-Shintnawi, Ahmed ;; الشنتناوي، أحمد 8316, الحكماء الثلاثة / alhukama' althalathat /, 1953